000 00629cab a2200181 4500
001 WB2445-02
008 090401t1988 xxu||||| |||| 00| 0 eng d
035 _a(Sirsi) u67623
041 _aeng
245 _aChannel fixed link
260 _c1988
350 _a0
490 _aDTI Newsletter
_vno 21 October 1988 10 pages
520 _aA roundup of news on the activities of UK companies relating to the Channel Tunnel development, including a list of tender notices for projects, contracts placed and scheduled calls for tender over the next six months.
690 _aBUILT ENVIRONMENT
942 _n0
948 _c04/03/1997
999 _c42321
_d42321